000 00539nam a2200205 4500
003 LK-CoMWRAF
005 20231022153210.0
008 231006b |||||||| |||| 00| 0 eng d
040 _aLK-CoMWRAF
_dLK-CoMWRAF
_eLK-CoMWRAF
041 _aeng
082 _a297.124
_bKHA
100 _aKhan, Muhammad Muhsin
245 _aThe Translation of the meanings of Sahih Al-Bukhari :
_bArabic-English
260 _c1976
300 _a490p
490 _aVolume 5
650 _aIslamic 2nd Sourse
650 _aProphert's Hadis
942 _cBK
999 _c3802
_d3802